|
|
|
|
| LEADER |
02200nam a2200481 i 4500 |
| 001 |
EBC1348410 |
| 003 |
MiAaPQ |
| 005 |
20200520144314.0 |
| 006 |
m o d | |
| 007 |
cr cnu|||||||| |
| 008 |
100514s2010 gw ob 100 0 ger|d |
| 020 |
|
|
|z 9783486591767 (pbk. : alk. paper)
|
| 020 |
|
|
|a 9783486708271 (e-book)
|
| 035 |
|
|
|a (MiAaPQ)EBC1348410
|
| 035 |
|
|
|a (Au-PeEL)EBL1348410
|
| 035 |
|
|
|a (CaPaEBR)ebr10891350
|
| 035 |
|
|
|a (CaONFJC)MIL609290
|
| 035 |
|
|
|a (OCoLC)879550646
|
| 040 |
|
|
|a MiAaPQ
|b eng
|e rda
|e pn
|c MiAaPQ
|d MiAaPQ
|
| 043 |
|
|
|a e-gx---
|a e-uk---
|
| 050 |
|
4 |
|a HM821
|b .S6957 2010
|
| 245 |
0 |
0 |
|a Soziale Ungleichheit im Sozialstaat :
|b die Bundesrepublik Deutschland und Grossbritannien im Vergleich /
|c herausgegeben von Hans Gunter Hockerts und Winfried Suss.
|
| 264 |
|
1 |
|a Munchen :
|b Oldenbourg,
|c 2010.
|
| 300 |
|
|
|a 1 online resource (139 pages).
|
| 336 |
|
|
|a text
|2 rdacontent
|
| 337 |
|
|
|a computer
|2 rdamedia
|
| 338 |
|
|
|a online resource
|2 rdacarrier
|
| 490 |
1 |
|
|a Zeitgeschichte im Gesprach ;
|v Band 8
|
| 500 |
|
|
|a Revised papers of a section of the 47th Deutscher Historikertag held in 2008 in Dresden.
|
| 504 |
|
|
|a Includes bibliographical references.
|
| 588 |
|
|
|a Description based on print version record.
|
| 590 |
|
|
|a Electronic reproduction. Ann Arbor, MI : ProQuest, 2015. Available via World Wide Web. Access may be limited to ProQuest affiliated libraries.
|
| 650 |
|
0 |
|a Equality
|x Social aspects
|v Congresses.
|
| 650 |
|
0 |
|a Welfare state
|v Congresses.
|
| 651 |
|
0 |
|a Germany
|x Social policy
|v Congresses.
|
| 651 |
|
0 |
|a Great Britain
|x Social policy
|v Congresses.
|
| 655 |
|
4 |
|a Electronic books.
|
| 700 |
1 |
|
|a Hockerts, Hans Gunter,
|e editor.
|
| 700 |
1 |
|
|a Suss, Winfried,
|e editor.
|
| 776 |
0 |
8 |
|i Print version:
|t Soziale Ungleichheit im Sozialstaat : die Bundesrepublik Deutschland und Grossbritannien im Vergleich.
|d Munchen : Oldenbourg, 2010
|h 139 pages ; 21 cm
|k Zeitgeschichte im Gesprach ; Band 8
|z 9783486591767
|w (GyWOH)har090175356
|w (DLC)10891350
|
| 797 |
2 |
|
|a ProQuest (Firm)
|
| 830 |
|
0 |
|a Zeitgeschichte im Gesprach ;
|v Bd. 8.
|
| 856 |
4 |
0 |
|u https://ebookcentral.proquest.com/lib/matrademy/detail.action?docID=1348410
|z Click to View
|